<?xml version="1.0" encoding="UTF-8"?><marc:collection xmlns:marc="http://www.loc.gov/MARC21/slim">
  <marc:record>
    <marc:leader>00000nam  2200000za 4500</marc:leader>
    <marc:controlfield tag="001">9.639341</marc:controlfield>
    <marc:controlfield tag="003">CaOODSP</marc:controlfield>
    <marc:controlfield tag="005">20210913142335</marc:controlfield>
    <marc:controlfield tag="007">cr |||||||||||</marc:controlfield>
    <marc:controlfield tag="008">150407s2000    oncd    o    f000 0 fre d</marc:controlfield>
    <marc:datafield tag="040" ind1=" " ind2=" ">
      <marc:subfield code="a">CaOODSP</marc:subfield>
      <marc:subfield code="b">fre</marc:subfield>
    </marc:datafield>
    <marc:datafield tag="043" ind1=" " ind2=" ">
      <marc:subfield code="a">n-cn---</marc:subfield>
    </marc:datafield>
    <marc:datafield tag="086" ind1="1" ind2=" ">
      <marc:subfield code="a">C2-531/2000F-PDF</marc:subfield>
    </marc:datafield>
    <marc:datafield tag="110" ind1="1" ind2=" ">
      <marc:subfield code="a">Canada. </marc:subfield>
      <marc:subfield code="b">Conseil consultatif des sciences et de la technologie.</marc:subfield>
    </marc:datafield>
    <marc:datafield tag="245" ind1="1" ind2="3">
      <marc:subfield code="a">Un essor nécessaire : </marc:subfield>
      <marc:subfield code="h">[ressource électronique]</marc:subfield>
      <marc:subfield code="b">le Canada, les activités internationales en sciences et technologie et l'économie du savoir / </marc:subfield>
      <marc:subfield code="c">[par le] Groupe d'experts sur le rôle du Canada dans les activités internationales de sciences et de technologie ; présenté au Conseil consultatif des sciences et de la technologie du premier ministre. </marc:subfield>
    </marc:datafield>
    <marc:datafield tag="260" ind1=" " ind2=" ">
      <marc:subfield code="a">Ottawa - Ontario : </marc:subfield>
      <marc:subfield code="b">Industrie Canada. </marc:subfield>
      <marc:subfield code="c">[2000].</marc:subfield>
    </marc:datafield>
    <marc:datafield tag="300" ind1=" " ind2=" ">
      <marc:subfield code="a">115p.</marc:subfield>
      <marc:subfield code="b">figures, glossaire, graphiques, références, tableaux</marc:subfield>
    </marc:datafield>
    <marc:datafield tag="500" ind1=" " ind2=" ">
      <marc:subfield code="a">«Dans l'économie mondiale du savoir d'aujourd'hui, les sciences et la technologie (S-T) sont des facteurs déterminants de la prospérité économique et d'une meilleure qualité de vie. La capacité d'un pays de produire, d'obtenir et d'appliquer ingénieusement de l'information scientifique et technologique est un élément fondamental de son avantage concurrentiel sur d'autres pays. Les connaissances et les nouvelles technologies issues des percées scientifiques sont au coeur même de l'innovation technologique qui, à son tour, joue un rôle primordial pour ce qui est de stimuler la prospérité et la croissance économique.»--Résumé.</marc:subfield>
    </marc:datafield>
    <marc:datafield tag="500" ind1=" " ind2=" ">
      <marc:subfield code="a">Le n° de catalogue (C2-531/2000) et l'ISBN (0-662-65310-6) de l'édition imprimée bilingue ont été incorrectement copiés dans l'édition électronique.</marc:subfield>
    </marc:datafield>
    <marc:datafield tag="520" ind1="3" ind2=" ">
      <marc:subfield code="a">Dans l'économie mondiale du savoir d'aujourd'hui, les sciences et la technologie (S-T) sont des facteurs déterminants de la prospérité économique et d'une meilleure qualité de vie. La capacité d'un pays de produire, d'obtenir et d'appliquer ingénieusement de l'information scientifique et technologique est un élément fondamental de son avantage concurrentiel sur d'autres pays. Les connaissances et les nouvelles technologies issues des percées scientifiques sont au coeur même de l'innovation technologique qui, à son tour, joue un rôle primordial pour ce qui est de stimuler la prospérité et la croissance économique.--Résumé</marc:subfield>
    </marc:datafield>
    <marc:datafield tag="590" ind1=" " ind2=" ">
      <marc:subfield code="a">11-28-Supp</marc:subfield>
      <marc:subfield code="b">2011-11-17</marc:subfield>
    </marc:datafield>
    <marc:datafield tag="691" ind1="0" ind2="7">
      <marc:subfield code="a">Économie du savoir</marc:subfield>
      <marc:subfield code="2">gcpds</marc:subfield>
    </marc:datafield>
    <marc:datafield tag="691" ind1="0" ind2="7">
      <marc:subfield code="a">Innovation technologique</marc:subfield>
      <marc:subfield code="2">gcpds</marc:subfield>
    </marc:datafield>
    <marc:datafield tag="691" ind1="0" ind2="7">
      <marc:subfield code="a">Recherche scientifique</marc:subfield>
      <marc:subfield code="2">gcpds</marc:subfield>
    </marc:datafield>
    <marc:datafield tag="775" ind1="0" ind2="8">
      <marc:subfield code="t">Reaching out : </marc:subfield>
      <marc:subfield code="w">(CaOODSP)9.695196</marc:subfield>
    </marc:datafield>
    <marc:datafield tag="776" ind1="0" ind2="#">
      <marc:subfield code="t">Reaching out : </marc:subfield>
      <marc:subfield code="w">(CaOODSP)9.662267</marc:subfield>
    </marc:datafield>
    <marc:datafield tag="776" ind1="0" ind2="#">
      <marc:subfield code="t">Un essor nécessaire : </marc:subfield>
      <marc:subfield code="w">(CaOODSP)9.662268</marc:subfield>
    </marc:datafield>
    <marc:datafield tag="856" ind1="4" ind2="0">
      <marc:subfield code="a">http://publications.gc.ca</marc:subfield>
      <marc:subfield code="q">PDF</marc:subfield>
      <marc:subfield code="s">1.74 Mo</marc:subfield>
      <marc:subfield code="u">https://publications.gc.ca/collections/Collection/C2-531-2000F.pdf</marc:subfield>
    </marc:datafield>
    <marc:datafield tag="986" ind1=" " ind2=" ">
      <marc:subfield code="a">53249B</marc:subfield>
    </marc:datafield>
  </marc:record>
</marc:collection>
